|
|
|
|
| LEADER |
00695nam a22001817a 4500 |
| 020 |
|
|
|a 9781138289512
|
| 082 |
|
|
|a 327.610 44
|b ALI/P
|
| 100 |
|
|
|a Alina Sajed
|9 45136
|
| 245 |
|
|
|a Postcolonial encounters in International relations :
|b the politics of transgression in the Maghreb/
|c by Alina Sajed
|
| 260 |
|
|
|a London:
|b Routledge,
|c 2013.
|
| 300 |
|
|
|a 238p.
|
| 650 |
|
|
|a International relations
|9 45137
|
| 650 |
|
|
|a Postcolonialism
|9 45138
|
| 650 |
|
|
|a Political Science
|9 45139
|
| 650 |
|
|
|a Social Sciences
|9 45140
|
| 942 |
|
|
|c BK
|
| 999 |
|
|
|c 71345
|d 71345
|
| 952 |
|
|
|0 0
|1 0
|4 0
|6 327_610000000000000_44_ALI_P
|7 0
|9 91952
|a SSUS
|b SSUS
|c STACKS
|d 2018-05-16
|g 2580.11
|o 327.610 44 ALI/P
|p 089065
|r 2018-05-16
|w 2018-05-16
|y BK
|